000 00522nam a22001937a 4500
999 _c7456
_d7456
003 OSt
005 20211112113336.0
008 211112b ||||| |||| 00| 0 eng d
020 _a9780415543460
040 _cDDC
082 _a323 BAR 2008
100 _aBarrat,Bethany
_915278
245 _aHuman rights and foreign Aid;
_bFor love or money?
260 _aLondon:
_bRoutledge
_c2008
300 _axii,239p.;
_bill.;
_c24cm
504 _aincludes references and index
650 _aHuman right
_915279
942 _2ddc
_cBOOK